Score 0/20 Timer 07:00
2 Plays Today
% Correct
Grandfather
98.8%
Uncle
98.7%
Grandmother
98.6%
Aunt
98.5%
Nephew
98.1%
Great-Grandmother
97.3%
Niece
96.8%
Great-Aunt
95.6%
Grandson
94.9%
Great-Granddaughter
93.2%
% Correct
Granddaughter
91.8%
First Cousin
87.3%
Grandniece
86.7%
Half First Cousin
65.6%
Double First Cousin
53.5%
First Cousin Once Removed
40.8%
First Cousin Twice Removed
36.9%
Second Cousin Once Removed
36.2%
Second Cousin
36.1%
Third Cousin
35.1%
Remove Ads.
Support Sporcle.
Get the best of Sporcle when you Go Orange. This ad-free experience offers more features, more stats, and more fun while also helping to support Sporcle. Thank you for becoming a member.

You're not logged in!

Compare scores with friends on all Sporcle quizzes.
OR
Log In

Show Comments

Extras

Top Quizzes Today


Score Distribution

Your Account Isn't Verified!

In order to create a playlist on Sporcle, you need to verify the email address you used during registration. Go to your Sporcle Settings to finish the process.

Report this User

Report this user for behavior that violates our Community Guidelines.

Details: